[Event "It (open)"]
[Site "masterchessopen.com Bad Zwesten (Germany)"]
[Round "4"]
[White "Petiko Nicolai (GER)"]
[Black "Enders Peter (GER)"]
[Result "0-1"]
[WhiteElo "2134"]
[BlackElo "2493"]

1.d4 Nf6 2.c4 g6 3.Nc3 d5 4.Bf4 Bg7 5.e3 O-O 6.cxd5 Nxd5 7.Nxd5 Qxd5 8.Bxc7
Na6 9.Bxa6 Qxg2 10.Qf3 Qxf3 11.Nxf3 bxa6 12.Rg1 f6 13.Ke2 Rf7 14.Rac1 e6
15.Bd6 a5 16.Rc3 Ba6+ 17.Kd2 Rd7 18.Bc5 a4 19.Rgc1 Rd5 20.e4 Rh5 21.Re1 Bb5
22.Kc2 a6 23.Bd6 Rd8 24.Bg3 g5 25.Rd1 Bf8 26.a3 Rd7 27.Rc8 Be2 {#R} 0-1

[Event "It (open)"]
[Site "masterchessopen.com Hamburg (Germany)"]
[Round "5"]
[White "Schoengart Ralf (GER)"]
[Black "Kyeck Christopher (GER)"]
[Result "1-0"]
[WhiteElo "2092"]
[BlackElo "2015"]

1.d4 Nf6 2.c4 g6 3.Nc3 d5 4.Bf4 Bg7 5.e3 O-O 6.cxd5 Nxd5 7.Nxd5 Qxd5 8.Bxc7
Bf5 9.Ne2 Na6 10.Nc3 Qd7 11.Bg3 Nb4 12.Bb5 Qd8 13.O-O a6 14.Be2 Rc8 15.e4 Bd7
16.Qd2 Qb6 17.Rad1 Rfd8 18.Bh4 Be8 19.d5 f6 20.Kh1 h5 21.f4 Bf7 22.Bf2 Qa5
23.a3 Nc6 24.Qc2 Nb8 25.Qb3 b5 26.a4 b4 27.Na2 Nc6 28.Bc4 {#r} 1-0

[Event "It (open)"]
[Site "masterchessopen.com Ikaria (Greece)"]
[Round "1"]
[White "Raptis Georgios (GRE)"]
[Black "Gesos Pavlos (GRE)"]
[Result "0-1"]
[WhiteElo "2135"]
[BlackElo "2369"]

1.d4 Nf6 2.c4 g6 3.Nc3 d5 4.Bf4 Bg7 5.e3 O-O 6.cxd5 Nxd5 7.Nxd5 Qxd5 8.Bxc7
Nc6 9.a3 Bf5 10.Ne2 Rac8 11.Nc3 Qe6 12.d5 Bxc3+ 13.bxc3 Qf6 14.Rc1 Rxc7
15.dxc6 Qxc6 16.Qd4 Rd7 17.Qe5 Rfd8 18.f3 Rd5 19.Qf4 Rd1+ 20.Rxd1 Qxc3+ 21.Kf2
Rxd1 22.Qb8+ Kg7 23.g4 Qe1+ 24.Kg2 Rd2+ 25.Kh3 Qxe3 26.gxf5 Qxf3+ 27.Qg3 Qxh1
28.Qe5+ Kh6 29.Qe3+ g5 30.Kg4 Rg2+ {#R} 0-1

[Event "It (open)"]
[Site "masterchessopen.com Linz (Austria)"]
[Round "8"]
[White "Mittendorfer Josef (AUT)"]
[Black "Wiesinger Wolfgang (CZE)"]
[Result "1-0"]
[WhiteElo "2101"]
[BlackElo "1880"]

1.d4 Nf6 2.c4 g6 3.Nc3 d5 4.Bf4 Bg7 5.e3 O-O 6.cxd5 Nxd5 7.Nxd5 Qxd5 8.Bxc7 b6
9.Be2 Na6 10.Bg3 Bf5 11.Bf3 Qa5+ 12.Qd2 Nb4 13.Kf1 Rac8 14.Bd1 e5 15.Nf3 exd4
16.Nxd4 Rfd8 17.Bh4 Rxd4 18.exd4 Bd3+ 19.Kg1 Bxd4 20.h3 Nc2 21.Qxd3 Qe1+
22.Kh2 Be5+ 23.Bg3 Qxf2 24.Bxe5 Ne3 25.Bf3 f6 26.Bxf6 Rf8 27.Qb3+ {#r} 1-0

[Event "It (open)"]
[Site "masterchessopen.com Oberwart (Austria)"]
[Round "7"]
[White "Zoebisch Herbert (AUT)"]
[Black "Riha Alexander (AUT)"]
[Result "1-0"]
[WhiteElo "2283"]
[BlackElo "2097"]

1.d4 Nf6 2.c4 g6 3.Nc3 d5 4.Bf4 Bg7 5.e3 O-O 6.cxd5 Nxd5 7.Nxd5 Qxd5 8.Bxc7
Na6 9.Bxa6 bxa6 10.Nf3 Bf5 11.Qb3 Qxb3 12.axb3 Rfc8 13.Rc1 Rab8 14.Rc3 Rb7
15.Ba5 Rxc3 16.Bxc3 Rxb3 17.Kd2 Be4 18.Ra1 Bxf3 19.gxf3 Rb6 20.Ra5 e6 21.Rc5
Bf8 22.Rc8 f5 23.h3 Rb7 24.Rc6 Kf7 25.Rxa6 Ke7 26.Kd3 Kd7 27.e4 Bd6 28.e5 Bc7
29.b4 Bb6 30.b5 Rc7 31.Ba5 Bxa5 32.Rxa5 Rb7 33.Kc4 Rc7+ 34.Kb4 Rb7 35.Ra6 Ke7
36.Kc5 Rc7+ 37.Kb4 Rb7 38.Rc6 Kd7 39.Ka5 g5 40.f4 g4 41.h4 Ke7 42.h5 Rd7
43.Rc4 Kf7 44.Rc8 Kg7 45.Rc6 Rxd4 46.Rxe6 Rxf4 47.h6+ Kf7 48.Rf6+ Ke7 49.Ra6
Rxf2 50.Rxa7+ Ke6 51.Rxh7 Kxe5 52.b6 Ra2+ 53.Kb5 Rb2+ 54.Kc6 Rc2+ 55.Kd7 Rd2+
56.Kc8 g3 57.b7 Rc2+ 58.Kd8 Rb2 59.Re7+ Kd5 60.h7 g2 61.h8=Q {#r} 1-0

[Event "Ch Sweden (team) 1998/99"]
[Site "masterchessopen.com Sweden"]
[Round "7"]
[White "Vernersson Per (SWE)"]
[Black "Dzevlan Miralem (BIH)"]
[Result "1-0"]
[WhiteElo "2353"]
[BlackElo "2435"]

1.d4 Nf6 2.c4 g6 3.Nc3 d5 4.Bf4 Bg7 5.e3 O-O 6.cxd5 Nxd5 7.Nxd5 Qxd5 8.Bxc7
Na6 9.Bxa6 bxa6 10.Nf3 Qb7 11.Bf4 Qxb2 12.O-O Bf5 13.Qd2 Qa3 14.Rfc1 Rfc8
15.Bc7 Be4 16.Ne1 g5 17.Rc3 Qb4 18.a3 Qb7 19.Rac1 g4 20.Rc5 e6 21.Qb4 Qxb4
22.axb4 Bf8 23.Bd6 Rd8 24.Bxf8 Kxf8 25.f3 gxf3 26.gxf3 Bg6 27.Kf2 Rdb8 28.R1c4
Bb1 29.Ra5 Rb6 30.Ra1 Bg6 31.e4 f5 32.Ke3 Be8 33.Rac1 Rab8 34.Nd3 R8b7 35.Rc8
a5 36.Nc5 axb4 37.Nxb7 Rxb7 38.R1c7 Rb6 39.Kd2 b3 40.Kc1 fxe4 41.fxe4 a5
42.Ra8 b2+ 43.Kb1 {#r} 1-0

[Event "Bayern Regionalliga Southeast 1999/00"]
[Site "masterchessopen.com Germany"]
[Round "3"]
[White "Ploehn Heiko"]
[Black "Deues Erik (GER)"]
[Result "1-0"]
[WhiteElo "2165"]
[BlackElo "2025"]

1.d4 Nf6 2.c4 g6 3.Nc3 d5 4.Bf4 Bg7 5.e3 O-O 6.cxd5 Nxd5 7.Nxd5 Qxd5 8.Bxc7
Nc6 9.Qb3 Qxb3 10.axb3 Nb4 11.Kd2 Bf5 12.Ba5 Nc6 13.Bc3 Rfd8 14.f4 e5 15.fxe5
Nxe5 16.h3 Be4 17.Rh2 Bh6 18.Bc4 a6 19.Ke2 b5 20.Bxb5 axb5 21.Rxa8 Bd3+ 22.Kd2
Rxa8 23.dxe5 Rd8 24.Nf3 Be4+ 25.Ke2 Rd3 26.Bd4 Rxb3 27.Rh1 Rb4 28.Rc1 Ra4
29.Rc8+ Bf8 30.Rb8 Bd5 31.Kf2 b4 32.Rd8 Ra5 33.Bb6 Rb5 34.Bc7 Kg7 35.Nd4 Rb7
36.Bd6 Bxd6 37.exd6 Kf6 38.Re8 Rd7 39.e4 Be6 40.Nf3 h5 41.Ke3 g5 42.Rg8 g4
43.e5+ {#r} 1-0

[Event "Ch Italy (juniors) (under 20)"]
[Site "masterchessopen.com Italy"]
[Round "0"]
[White "Mariano Elia (ITA)"]
[Black "Mogranzini Roberto (ITA)"]
[Result "1-0"]
[WhiteElo "2093"]
[BlackElo "2439"]

1.d4 Nf6 2.c4 g6 3.Nc3 d5 4.Bf4 Bg7 5.e3 O-O 6.cxd5 Nxd5 7.Nxd5 Qxd5 8.Bxc7
Na6 9.Bg3 Bf5 10.Qa4 Rac8 11.Ne2 e5 12.Nc3 Qe6 13.d5 Qb6 14.Qb5 Nb4 15.Qxb6
axb6 16.Rd1 Nc2+ 17.Kd2 Nb4 18.a3 Na6 19.e4 Bd7 20.Bxa6 bxa6 21.f3 b5 22.Bf2
Rc4 23.Rc1 b4 24.Ne2 Rfc8 25.Rxc4 Rxc4 26.Rc1 Rxc1 27.Nxc1 bxa3 28.bxa3 Bf8
29.Nd3 Bxa3 30.Nxe5 Bb5 31.Nd3 Bd6 32.Bg3 Ba3 33.Kc3 a5 34.Bc7 a4 35.Nb4 Bc1
36.Na2 Be3 37.Kb4 Bd7 38.Nc3 Bd2 39.Be5 Kf8 40.Ka3 Bc1+ 41.Kb4 Bd2 42.Bd6+ Ke8
43.Kc4 Bxc3 44.Kxc3 Bb5 45.Kd4 Bf1 46.g4 h5 47.gxh5 gxh5 48.Ke5 Bg2 49.f4 Bf3
50.h4 Bg2 51.Bb4 Bf3 52.Ba3 Bg2 53.d6 Bh3 54.Kf6 Bg4 55.f5 Bh3 56.e5 Kd7
57.Kg5 Bg4 58.e6+ fxe6 59.f6 Ke8 60.d7+ {#r} 1-0

[Event "Ch Hungary (team) 2000/01"]
[Site "masterchessopen.com Hungary"]
[Round "5"]
[White "Laredo Giani (CUB)"]
[Black "Flumbort Andras (HUN)"]
[Result "1-0"]
[WhiteElo "2138"]
[BlackElo "2434"]

1.d4 Nf6 2.c4 g6 3.Nc3 d5 4.Bf4 Bg7 5.e3 O-O 6.cxd5 Nxd5 7.Nxd5 Qxd5 8.Bxc7
Nc6 9.Ne2 Bg4 10.f3 Rac8 11.Nc3 Qe6 12.Bf4 Bxd4 13.fxg4 g5 14.Bxg5 Rfd8 15.Qc1
Nb4 16.Be2 f6 17.Bh6 Nxa2 18.Qc2 Nb4 19.Qf5 Qxf5 20.gxf5 Bxc3+ 21.bxc3 Nc2+
22.Kf2 Nxa1 23.Rxa1 a6 24.Ra4 Kh8 25.Rg4 Rg8 26.Re4 Rxc3 27.Rxe7 b5 28.Re6 Rb8
29.Rxf6 b4 30.Bf4 {#r} 1-0

[Event "Ch Russia (1/2 final)"]
[Site "masterchessopen.com Novosibirsk (Russia)"]
[Round "2"]
[White "Gutov Andrey (RUS)"]
[Black "Gimadutdinov Ilnur (RUS)"]
[Result "1-0"]
[WhiteElo "2366"]
[BlackElo "2177"]

1.d4 Nf6 2.c4 g6 3.Nc3 d5 4.Bf4 Bg7 5.e3 O-O 6.cxd5 Nxd5 7.Nxd5 Qxd5 8.Bxc7
Na6 9.Bxa6 Qxg2 10.Qf3 Qxf3 11.Nxf3 bxa6 12.Rc1 Bb7 13.Ke2 Rac8 14.Rc5 e5
15.Rd1 exd4 16.Nxd4 Rfe8 17.a3 Bf8 18.Rc3 f5 19.f4 Bg7 20.Kf2 Re4 21.Bd6 Rce8
22.Rc7 Rxe3 23.Be5 R3xe5 24.fxe5 Be4 25.Nf3 Bxf3 26.Kxf3 Bxe5 27.Rxa7 Bxb2
28.Rxa6 Re7 29.a4 Kf7 30.Rd2 Rb7 31.a5 Rb3+ 32.Kg2 f4 33.Rd7+ Ke8 34.Rxh7 f3+
35.Kf1 Rb8 36.Rxg6 Kf8 37.Rb6 Rxb6 38.axb6 Be5 39.b7 Kg8 40.Re7 Bxh2 41.b8=Q+
Bxb8 42.Re8+ {#r} 1-0

[Event "It (open) \"]
[Site "masterchessopen.com Schwabisch Gmund (Germany)"]
[Round "9"]
[White "Romanov Oleg (BLR)"]
[Black "Bauer Manfred (GER)"]
[Result "1-0"]
[WhiteElo "2407"]
[BlackElo "2246"]

1.d4 Nf6 2.c4 g6 3.Nc3 d5 4.Bf4 Bg7 5.e3 O-O 6.cxd5 Nxd5 7.Nxd5 Qxd5 8.Bxc7
Na6 9.Bxa6 Qxg2 10.Qf3 Qxf3 11.Nxf3 bxa6 12.Rg1 Bb7 13.Ke2 Rac8 14.Rac1 f6
15.Rgd1 Rfe8 16.d5 f5 17.Rd2 Bf6 18.Rc5 Kf7 19.b4 Rg8 20.a4 g5 21.Rdc2 g4
22.Nd2 h5 23.Kd3 Ba8 24.e4 fxe4+ 25.Nxe4 Kg6 26.Nxf6 {#r} 1-0

[Event "Ch Great Britain"]
[Site "masterchessopen.com Torquay (England)"]
[Round "3"]
[White "Martyn Rafe (ENG)"]
[Black "Truman Richard G (ENG)"]
[Result "1-0"]
[WhiteElo "2187"]
[BlackElo "1883"]

1.d4 Nf6 2.c4 g6 3.Nc3 d5 4.Bf4 Bg7 5.e3 O-O 6.cxd5 Nxd5 7.Nxd5 Qxd5 8.Bxc7
Bf5 9.Ne2 Nc6 10.Nc3 Qd7 11.Bg3 Rac8 12.Be2 Rfd8 13.O-O Be6 14.Qa4 a6 15.Rfd1
Na7 16.Qa5 Bc4 17.Bf3 Nb5 18.Na4 {#r} 1-0

[Event "It (cat.2) (a)"]
[Site "masterchessopen.com Budapest (Hungary)"]
[Round "6"]
[White "Berczes David (HUN)"]
[Black "Caruana Font Rafael (ESP)"]
[Result "1-0"]
[WhiteElo "2321"]
[BlackElo "2194"]

1.d4 Nf6 2.c4 g6 3.Nc3 d5 4.Bf4 Bg7 5.e3 O-O 6.cxd5 Nxd5 7.Nxd5 Qxd5 8.Bxc7
Bf5 9.Ne2 Nc6 10.Nc3 Qd7 11.Bg3 Rad8 12.Be2 Qe8 13.O-O e5 14.d5 e4 15.Bh4 Rd6
16.Qb3 Ne5 17.Qa3 Qd7 18.Bb5 Qc7 19.Rac1 Rc8 20.Nxe4 Qxc1 21.Nxd6 Rc2 22.Nxf5
{#r} 1-0

[Event "It (open) (juniors)"]
[Site "masterchessopen.com Malme (Sweden)"]
[Round "3"]
[White "Revelj Oskar (SWE)"]
[Black "Dragicevic Drazen (SWE)"]
[Result "1-0"]
[WhiteElo "2108"]
[BlackElo "2043"]

1.d4 Nf6 2.c4 g6 3.Nc3 d5 4.Bf4 Bg7 5.e3 O-O 6.cxd5 Nxd5 7.Nxd5 Qxd5 8.Bxc7
Nc6 9.Ne2 b6 10.Nc3 Qd7 11.Bg3 Bb7 12.Be2 Rfd8 13.O-O e6 14.Rc1 Ne7 15.Qa4
Qxa4 16.Nxa4 Bc6 17.Nc3 Nf5 18.Bf4 h6 19.Nb5 Ne7 20.h3 Rd7 21.Bh2 Rc8 22.a3 a6
23.Nd6 Rcd8 24.Nc4 b5 25.Ne5 Bxe5 26.Bxe5 Rc8 27.Rc5 Bb7 28.Rfc1 Rxc5 29.Rxc5
Nc6 30.Bg3 Kf8 31.Kf1 Ke7 32.f3 Rd5 33.b4 Rd7 34.Bd3 f5 35.Ke2 g5 36.f4 Kf6
37.Kf2 Ne7 38.fxg5+ hxg5 39.Be5+ Kf7 40.g4 Kg6 41.Bc2 Kf7 42.Bg3 Bd5 43.Bd1
Rd8 44.Bf3 Bxf3 45.Kxf3 Rh8 46.Kg2 Nd5 47.Bf2 Ne7 48.e4 Rc8 49.exf5 exf5
50.Kf3 Kf6 51.Bg3 f4 52.Bf2 Rh8 53.Kg2 Rd8 54.h4 Rd5 55.Kf3 Rxc5 56.dxc5 Nc6
57.Ke4 gxh4 58.Bxh4+ Ke6 59.Bg5 a5 60.bxa5 Nxa5 61.Bxf4 Nc4 62.Bc1 Ne5 63.g5
Nd7 64.Be3 Ne5 65.Bd2 Nc4 66.Bb4 Ne5 67.Kf4 Ng6+ 68.Kg4 Ne7 69.Kh5 Kf7 70.Bd2
Nf5 71.g6+ Ke6 72.Kg5 Ne7 73.Kh6 Kd5 74.Bb4 Ke6 75.Kh7 Kf6 76.Bc3+ Ke6 77.g7
Kf7 78.c6 Ke6 79.c7 Kd7 80.Ba5 Kc8 81.g8=Q+ Nxg8 82.Kxg8 Kd7 83.Kf7 Kc8 84.Ke6
b4 85.axb4 Kb7 86.Kd7 Ka7 87.b5 {#r} 1-0

[Event "It (cat.15)"]
[Site "masterchessopen.com Pamplona (Spain)"]
[Round "1"]
[White "Pelletier Yannick (SUI)"]
[Black "Illescas Cordoba Miguel (ESP)"]
[Result "0-1"]
[WhiteElo "2589"]
[BlackElo "2626"]

{ Illescas Cordoba Miguel (ESP) +0 =1 -0 } 1.d4 Nf6 2.c4 g6 3.Nc3 d5 4.Bf4 Bg7
5.e3 O-O 6.cxd5 Nxd5 7.Nxd5 Qxd5 8.Bxc7 Na6 { ?/= } 9.Bxa6 Qxg2 10.Qf3 Qxf3
11.Nxf3 bxa6 12.Rc1 f6 ( 12...Bb7 13.Ke2 f6 14.Rc5 e6 15.Rhc1 Rfe8 16.Bg3 Bf8
17.Rc7 Bd5 18.Nd2 e5 19.dxe5 fxe5 20.Nc4 e4 21.b3 Be6 22.h4 Red8 23.Be5 Rd5
24.Rg1 Rc8 25.Rxc8 Bxc8 26.h5 Bg7 27.Bxg7 Kxg7 28.hxg6 h5 29.f3 exf3+ 30.Kxf3
Rf5+ 31.Ke2 Rf6 32.Ne5 { ...1/2-1/2, Hjartarson Johann 2610 - Timman Jan H
2660 , Tilburg 1988 It (cat.16) } ) 13.Ke2 { N } ( 13.Rg1 Bb7 14.Ke2 e5
15.dxe5 fxe5 16.Nxe5 Rf5 17.f4 Rh5 18.Ng4 Bc8 19.Be5 Bxg4+ 20.Rxg4 Bxe5
21.fxe5 Rxh2+ 22.Kf3 Re8 23.Rc7 Rxe5 24.Rb4 Rb5 25.Rd4 Rf5+ { 1/2-1/2, Flear
Glenn C 2507 - Illescas Cordoba Miguel 2577 , Spain 2001 Ch Spain (team) (2
div) } ) ( 13.O-O Bb7 14.Nd2 e5 15.Nb3 Rf7 16.Rc3 ( 16.Rfd1 Bf3 17.Rd2 Rc8
18.Ba5 Rxc1+ 19.Nxc1 exd4 20.Rxd4 f5 21.Rd8+ Rf8 22.Rxf8+ Bxf8 23.Bc3 Bc5
24.a4 a5 { 1/2-1/2, Jonscher P - Micheel R, DDR 1973 corr. } ) 16...exd4
17.Nxd4 f5 18.Bf4 Re8 19.Rfc1 h6 20.Rc7 Bd5 21.Rxf7 Bxf7 22.b3 g5 23.Bd6 Bxd4
24.exd4 Re2 25.a3 Bxb3 26.Kf1 Rd2 27.Be5 Bd5 28.Rc3 Kf7 29.Ke1 Ra2 30.Bd6 Kg6
31.h4 g4 32.Bf4 Bf3 { ...0-1, Karaklajic Nikola 2358 - Gligoric Svetozar 2454
, Belgrade 1962 It } ) ( 13.Rc5 e6 14.O-O Rf7 15.Rfc1 Bb7 16.Nd2 Bf8 17.R5c2
Rc8 18.a3 Rd7 19.f3 Bg7 20.Kf1 e5 21.dxe5 fxe5 22.Ke2 e4 23.Nxe4 Bxe4 24.fxe4
Bxb2 25.Rxb2 Rdxc7 { 1/2-1/2, Bjornsson Tomas 2256 - Verstraeten J, Oerebro
1966 Ch World (team) (students) } ) 13...Bg4 14.Rc4 Rac8 15.d5 f5 16.b3 e5
17.dxe6 Rfe8 18.Rg1 { } ( 18.h3 { !? +0.00 CAP } 18...Bh5 19.Rhc1 Rxe6 20.Bf4
{ } ) 18...Rxe6 19.Rg3 { ? } ( { ? } 19.Rgc1 Bh6 20.h3 Bh5 21.Ba5 { } )
19...Re4 20.Bd6 Rexc4 21.bxc4 Rxc4 22.Kd3 Ra4 23.Nd2 { } ( 23.a3 { !? }
23...Bf8 24.Bxf8 Kxf8 25.Ng5 { } ) 23...Rxa2 { } ( 23...Ra5 { !? } 24.Bb4 Rxa2
25.Bc5 Be5 { } ) 24.f3 { ! } ( 24.Rg1 { ? } 24...Ra5 25.Bb4 Rd5+ 26.Kc4 { } )
24...Bh5 25.Rg1 Ra1 { } ( 25...Ra5 { !? } 26.e4 Ra4 27.e5 Ra5 { } ) 26.Rxa1
Bxa1 27.Bc5 { ?! } ( 27.f4 { !? } 27...Bf6 28.Bb8 a5 29.Bxa7 { } ) 27...g5 {
?! } ( 27...Be5 { !? } 28.f4 Bb8 29.Nc4 Kf7 { } ) 28.f4 gxf4 29.exf4 Bd1
30.Bxa7 Kf7 31.Nc4 Ke6 32.Bb6 Bb3 33.Na5 Bd5 34.Bc7 Bf6 35.Bb6 Be7 36.Be3 Bd8
37.Bd2 Bb6 38.Be1 { } ( 38.Nc4 { !? } 38...Bg1 39.h3 Bh2 40.Ne5 { } ) 38...Bg1
39.h3 Bb6 { } ( 39...Bg2 { !? } 40.h4 Kd5 41.Nb3 Bf1+ { } ) 40.Bc3 { } (
40.Nc4 { !? } 40...Be4+ 41.Ke2 Ba7 42.Bd2 { } ) 40...Bg2 41.h4 Bd5 { } (
41...Kd5 { !? } 42.Ke2 Ke4 43.Nc4 Bf3+ { } ) 42.h5 Bc5 43.Bd2 Kd7 44.Bc3 Bb6
45.Bb4 { ?! } ( 45.Nc4 { !? } 45...Bc7 46.Ne5+ Ke6 47.Ke3 { } ) 45...Bf7 46.h6
Bd5 47.Bc3 { -2.63 CAP } 47...Ke6 { } {#R} 0-1

[Event "It (open) (a)"]
[Site "masterchessopen.com Paris (France)"]
[Round "4"]
[White "Steimer Michel (FRA)"]
[Black "Karila Marc (FRA)"]
[Result "1-0"]
[WhiteElo "2178"]
[BlackElo "2028"]

1.d4 Nf6 2.c4 g6 3.Nc3 d5 4.Bf4 Bg7 5.e3 O-O 6.cxd5 Nxd5 7.Nxd5 Qxd5 8.Bxc7
Nc6 9.Ne2 Bf5 10.Nc3 Qd7 11.Bg3 Nb4 12.Bb5 Qe6 13.O-O a6 14.Be2 Rac8 15.Bf3
Qb6 16.a3 Nc6 17.Na4 Qa7 18.Rc1 Bd7 19.Nc5 Be8 20.Bg4 f5 21.Bf3 e5 22.Ne6 Bd7
23.Nxf8 Rxf8 24.dxe5 {#r} 1-0

[Event "It (open)"]
[Site "masterchessopen.com Pilsen-Lobzy (Czech Republic)"]
[Round "7"]
[White "Kopasov Evgeny (RUS)"]
[Black "Studnicka Tomas (CZE)"]
[Result "0-1"]
[WhiteElo "2134"]
[BlackElo "2267"]

1.d4 Nf6 2.c4 g6 3.Nc3 d5 4.Bf4 Bg7 5.e3 O-O 6.cxd5 Nxd5 7.Nxd5 Qxd5 8.Bxc7
Na6 9.Bxa6 Qxg2 10.Qf3 Qxf3 11.Nxf3 bxa6 12.Rg1 Be6 13.Kd2 Bd5 14.Ne5 f6
15.Nd3 e5 16.a3 Rf7 17.Rac1 Rd7 18.Rge1 Bh6 19.f4 exd4 20.exd4 Bf7 21.Rc6 Rc8
22.Rec1 Rxd4 23.Rxf6 Bc4 24.Rxc4 Rxc4 25.Be5 Rc2+ 26.Ke3 Rxh2 27.Rxa6 Re8
28.Nf2 Bf8 29.Ne4 Ra8 30.Nf6+ Kf7 31.Rc6 Be7 32.Ng4 Rh3+ 33.Ke4 Bd8 34.Bd4 Rh1
35.Ne5+ Kg8 36.Ng4 Bb6 37.Bxb6 axb6 38.Rxb6 Rf8 39.Nf6+ Kg7 40.Ng4 Re1+ 41.Kf3
h5 42.Rb7+ Rf7 43.Rxf7+ Kxf7 44.Ne5+ Kg7 45.Nd3 Ra1 46.Nc5 Ra2 47.Nd3 Kf6
48.Kg3 Kf5 49.Kh4 Ra1 50.Kg3 Rd1 51.Nf2 Rd2 52.b4 Ra2 {#R} 0-1

[Event "It (cat.16)"]
[Site "masterchessopen.com Poikovsky (Russia)"]
[Round "3"]
[White "Lputian Smbat G (ARM)"]
[Black "Obodchuk Andrei (RUS)"]
[Result "1-0"]
[WhiteElo "2634"]
[BlackElo "2439"]

{ Lputian Smbat G (ARM) +1 =2 -0 } 1.d4 { 1 } 1...Nf6 2.c4 g6 3.Nc3 d5 4.Bf4
Bg7 5.e3 O-O 6.cxd5 Nxd5 7.Nxd5 Qxd5 8.Bxc7 Na6 { ?/= } 9.Bxa6 Qxg2 10.Qf3
Qxf3 11.Nxf3 bxa6 12.Rg1 ( 12.Rc1 Bb7 13.Ke2 a5 14.Rhd1 Bd5 15.a3 a4 16.Rc5
Be6 17.Ne1 Rfc8 18.Rdc1 a6 19.Nd3 Ra7 20.Bb6 Raa8 21.Rxc8+ Bxc8 22.Rc7 Bf5
23.Rxe7 Bxd3+ 24.Kxd3 Rb8 25.Bc7 Rc8 26.Rd7 Bf6 27.e4 Kf8 28.Bf4 Ke8 29.Rd6 {
1-0, Volzhin Alexander 2556 - Ancheyta T, Merida 2000 It (open) } ) 12...Bb7 (
12...f6 13.Ke2 Rf7 14.Rac1 e6 15.Bd6 a5 16.Rc3 Ba6+ 17.Kd2 Rd7 18.Bc5 a4
19.Rgc1 Rd5 20.e4 Rh5 21.Re1 Bb5 22.Kc2 a6 23.Bd6 Rd8 24.Bg3 g5 25.Rd1 Bf8
26.a3 Rd7 27.Rc8 Be2 { 0-1, Petiko Nicolai 2069 - Enders Peter 2493 , Bad
Zwesten 1999 It (open) } ) 13.Ke2 { } 13...Rfc8 { N } ( 13...Rac8 14.Rac1 Rfe8
( 14...f6 15.Rgd1 Rfe8 16.d5 f5 17.Rd2 Bf6 18.Rc5 Kf7 19.b4 Rg8 20.a4 g5
21.Rdc2 g4 22.Nd2 h5 23.Kd3 Ba8 24.e4 fxe4+ 25.Nxe4 Kg6 26.Nxf6 { 1-0, Romanov
Oleg 2404 - Bauer Manfred 2004 , Schwabisch Gmund 2002 It (open) "Staufer" } )
15.Rc5 Bf8 16.Rc3 e6 17.a3 f6 18.Rgc1 Kf7 19.Ne1 Ke7 20.Bg3 Rxc3 21.Rxc3 Rc8
22.Rxc8 Bxc8 23.Bb8 Kd7 24.Bxa7 Bd6 25.f4 g5 26.Nd3 gxf4 27.exf4 Kc6 28.Ke3
Kd5 29.Bc5 Bxc5 30.dxc5 Kc4 31.b4 Kb3 32.Kd4 Bd7 33.f5 { ...1/2-1/2, Novikov
Igor A 2614 - Kriventsov Stanislav G 2322 , Mashantucket 1999 It (open) } ) (
13...f6 14.Rac1 Rfc8 15.Rc3 Kf7 16.Rgc1 Ke8 17.Nd2 a5 18.a4 e6 19.Nb3 Bf8
20.Nxa5 Ba6+ 21.Kd1 Bb4 22.Rc6 Kd7 23.Rxa6 Rxc7 24.Rxc7+ Kxc7 25.Nc4 { 1-0,
Stahlberg Gideon 2600 - Conrady Alphonse, Tel Aviv 1964 Olympiad } ) ( 13...e6
14.Rac1 f6 15.Rc5 Rf7 16.a3 Rc8 17.Rgc1 e5 18.dxe5 fxe5 19.Nxe5 Rcxc7 20.Rxc7
Bxe5 21.Rxf7 Kxf7 22.f4 Bd6 23.Kf2 Bd5 24.h4 h5 25.Kg3 a5 26.Re1 Be4 27.Rd1
Bc5 28.b4 axb4 29.axb4 Bxb4 30.Rd7+ Ke6 31.Rxa7 Be1+ 32.Kh3 Bf3 33.Ra1 {
...1/2-1/2, Romanov Oleg 2345 - Orlov V, Alma-Ata 1991 Ch URS (juniors) } ) (
13...Rfe8 14.Rac1 Bxf3+ 15.Kxf3 e5 16.d5 e4+ 17.Kg2 Re7 18.b3 Rd7 19.Rgd1 Rc8
20.d6 Bf6 21.Rc6 a5 22.Ra6 Bd8 23.Rxa5 Bxc7 24.Rxa7 Rxd6 25.Rxc7 Rxc7 26.Rxd6
Ra7 27.Rd2 Rb7 28.Kg3 f5 29.Kf4 Kf7 30.Ke5 h5 31.h4 Rb6 32.Rb2 Rb5+ 33.Kf4 {
...1-0, Rabar Braslav - Toran Albero Roman 2420 , Munich 1954 Zt } ) 14.Rac1
f6 15.Rgd1 { N } 15...Bd5 16.a3 Kf7 17.Nd2 Ke8 18.Rc5 e6 19.Rdc1 Bf8 20.R5c3
Kd7 21.Kd3 Bh6 { ?! } ( 21...Be7 { !? } 22.b4 f5 23.Ke2 g5 { } ) 22.R1c2 { ?!
} ( 22.Ne4 { !? } 22...Bxe4+ 23.Kxe4 g5 24.b4 { } ) 22...f5 23.f3 Bg5 24.Rc1
Bh6 25.h3 Bg5 26.R1c2 Bh6 27.Be5 Bc6 28.Ke2 Bb5+ 29.Kf2 Rxc3 30.bxc3 Bf8 31.c4
Bc6 32.c5 Be7 33.Nc4 g5 34.Rb2 g4 { ?! } ( 34...Bd5 { !? } 35.Rb4 h5 36.Bd6
Bf6 { } ) 35.fxg4 fxg4 36.hxg4 Bh4+ { ?! } ( 36...Bd5 { !? } 37.Rb4 Rg8 38.Bd6
Bf6 { } ) 37.Ke2 Rg8 38.Bf4 Bb5 39.Kd3 e5 { ?! } ( 39...Bf6 { !? } 40.a4 Bc6
41.g5 Be7 { } ) 40.Bxe5 Rxg4 41.a4 Bc6 42.Bf4 Bf6 43.Rh2 Bxa4 44.Rxh7+ { ! } (
44.Rh6 { ? } 44...Ke7 45.d5 Rg1 46.Rxh7+ { } ) 44...Ke6 45.Rh6 { ? } ( { ? }
45.Rxa7 Bb5 46.c6 Rg1 47.c7 { } ) {#r} 1-0

[Event "It (open)"]
[Site "masterchessopen.com Tapolca (Hungary)"]
[Date "2003.01.10"]
[Round "8"]
[White "Berczes David (HUN)"]
[Black "Alfred Nathan (ENG)"]
[Result "0-1"]
[WhiteElo "2321"]
[BlackElo "2338"]

1.d4 Nf6 2.c4 g6 3.Nc3 d5 4.Bf4 Bg7 5.e3 O-O 6.cxd5 Nxd5 7.Nxd5 Qxd5 8.Bxc7
Nc6 9.Ne2 Bg4 10.f3 Rac8 11.Bf4 Qa5+ 12.Qd2 Nb4 13.Nc3 Bf5 14.g4 e5 15.Bxe5
Bxe5 16.gxf5 Bf6 17.Bd3 Bh4+ 18.Ke2 Rfe8 19.fxg6 hxg6 20.Rhg1 Qh5 21.Rg2 Rc6
22.e4 Rf6 23.Rg4 Rd8 24.Qe3 Nxd3 25.Qxd3 Rb6 26.Rb1 Bf6 27.h4 Rxd4 28.Qe3 Qe5
29.f4 Qe6 30.f5 Qc4+ 31.Kf2 Rd3 32.Qh6 Bxc3 33.bxc3 Qxa2+ {#R} 0-1

[Event "It (open) (c)"]
[Site "masterchessopen.com Aragon (Spain)"]
[Round "8"]
[White "Solano Lasierra Javier (ESP)"]
[Black "Romon Poves Raul (ESP)"]
[Result "0-1"]
[WhiteElo "2109"]
[BlackElo "2236"]

1.d4 Nf6 2.c4 g6 3.Nc3 d5 4.Bf4 Bg7 5.e3 O-O 6.cxd5 Nxd5 7.Nxd5 Qxd5 8.Bxc7
Na6 9.Bxa6 bxa6 10.Nf3 Qb7 11.Rc1 Qxb2 12.Qd2 Qb5 13.Qe2 Bb7 14.Qxb5 axb5
15.Rc5 Rfc8 16.O-O e6 17.Rfc1 a6 18.Bd6 Bf8 19.Bxf8 Kxf8 20.Ne5 Rxc5 21.Nd7+
Ke7 22.Nxc5 Bd5 23.Rc2 Rc8 24.f3 Rc6 25.Kf2 Bc4 26.Ke1 e5 27.Kd2 exd4 28.exd4
Kd6 29.Kc3 Kd5 30.a3 a5 31.Rb2 Rc7 32.Rd2 Re7 33.Kc2 Re3 34.Ne4 Rxa3 35.Nc3+
Rxc3+ 36.Kxc3 b4+ 37.Kb2 a4 38.Ka1 a3 39.Kb1 b3 40.Ka1 Bb5 41.Rd1 Bc6 42.g4
Bb5 43.Rd2 Kc4 44.Rd1 Kc3 45.d5 Kc2 46.Rg1 Bc4 47.Rg2+ Kc3 48.d6 b2+ {#R} 0-1

[Event "It (open)"]
[Site "masterchessopen.com Andorra"]
[Date "2003.07.10"]
[Round "7"]
[White "Van Der Heijden Anton (NED)"]
[Black "Huguet Sergio (HON)"]
[Result "1-0"]
[WhiteElo "2239"]
[BlackElo "2141"]

1.d4 Nf6 2.c4 g6 3.Nc3 d5 4.Bf4 Bg7 5.e3 O-O 6.cxd5 Nxd5 7.Nxd5 Qxd5 8.Bxc7
Nc6 9.Ne2 Bg4 10.f3 Rac8 11.Nc3 Qd7 12.Bf4 Be6 13.Be2 f5 14.O-O Rfd8 15.Rc1 h6
16.Na4 Nxd4 17.exd4 Qxd4+ 18.Qxd4 Rxd4 19.Rxc8+ Bxc8 20.Rc1 Rxa4 21.Rxc8+ Kh7
22.Bc4 Bxb2 23.Be3 Bf6 24.Kf1 a6 25.Bb3 Rb4 26.Bc5 Rb5 27.Rc7 a5 28.Bxe7 Bxe7
29.Rxe7+ Kh8 30.Rc7 f4 31.h4 b6 32.Rc6 Kg7 33.Kf2 a4 34.Bxa4 Rb2+ 35.Rc2 Rb1
36.Bb3 Rh1 37.Rc6 Rxh4 38.Rxb6 g5 39.a4 g4 40.fxg4 Rxg4 41.a5 {#r} 1-0

[Event "Ch France (team) (2) 2003/04"]
[Site "masterchessopen.com France"]
[Date "2003.12.07"]
[Round "4"]
[White "De Laubadere Philippe (FRA)"]
[Black "Bouhlel Mohamed (TUN)"]
[Result "0-1"]
[WhiteElo "1963"]
[BlackElo "2188"]

1.d4 Nf6 2.c4 g6 3.Nc3 d5 4.Bf4 Bg7 5.e3 O-O 6.cxd5 Nxd5 7.Nxd5 Qxd5 8.Bxc7
Bf5 9.Ne2 Na6 10.Nc3 Qc6 11.Bg3 Rfd8 12.Qb3 Rac8 13.Qb5 Qxb5 14.Bxb5 Nb4
15.O-O a6 16.Be2 e5 17.Bxe5 Bxe5 18.dxe5 Rd2 19.Bf3 b5 20.a3 Nc6 21.Nd5 Kg7
22.Nb6 Rb8 23.Bxc6 Rxb6 24.Rfc1 Rxb2 25.Bd5 Be6 26.e4 a5 27.Rc5 b4 28.a4 b3
29.h3 Rc2 30.Rc1 Rxc5 {#R} 0-1